000
00310nam a2200121Ia 4500
005
20251222140059.0
008
251222s1900||||xx |||||||||||||| ||spa||
082
_a
170/M26L
100
_a
Maritain, Jacques
245
0
_a
Lecciones Fundamentales de la FilosofĂa Moral
264
_b
Club de Lectores
942
_c
LIB
999
_c
3859
_d
3859